Представление документа в формате RUSMARC

ПолеНазваниеЗначение
  Тип записи a
  Библиографический уровень m
001 Контрольный номер RU\NLR\BIBL_A\011403048
005 Дата корректировки 20180510182253.5
010 Индекс ISBN __
a ISBN 978-5-699-95241-0
d Цена 338-46
021 № государственной регистрации __
b № документа 2017-37610
100 Данные общей обработки __
a Данные общей обработки 19170609d20 |||y0rusy0189 ca
101 Язык документа __
a Язык текста rus
102 Страна публикации __
a Страна публикации RU
102 Страна публикации __
a Страна публикации RU
105 Кодированные данные (монография) __
a Кодированные данные (монография) а z 000zy
200 Заглавие и сведения об ответственности __
a Заглавие Сам себе плацебо
e Сведения, относящиеся к заглавию как использовать силу подсознания для здоровья и процветания : [перевод с английского]
f Первые сведения об ответственности Джо Диспенза
210 Выходные данные __
a Место издания Москва
c Издательство Э
d Дата издания 2017
215 Физическое описание __
a Объем 414 с.
c Иллюстрации/тип воспроизводства цв. ил.
225 Серия (Журнальная рубрика) __
a Серия (Журнальная рубрика) Джо Диспенза. Сила подсознания
300 Общие примечания __
a Общие примечания На обл.: Феноменальное научное открытие. Мировой бестселлер // продано 3000000 экземпляров
330 Аннотация __
a Аннотация Джо Диспенза демистифицирует концепцию плацебо с помощью науки и разбирает причины внезапных ремиссий. Вы можете применить эти сведения для достижения личной трансформации - стать собственным плацебо.
333 Примечание о целевом назначении __
a Примечание о целевом назначении 12+
606 Тематические рубрики __
a Основная рубрика Здравоохранение. Медицинские науки
606 Тематические рубрики __
a Основная рубрика Психотерапия
606 Тематические рубрики __
a Основная рубрика Психология
606 Тематические рубрики __
a Основная рубрика Общая психология
610 Ключевые слова __
a Ключевые слова нетрадиционная медицина
610 Ключевые слова __
a Ключевые слова лечение внушением
610 Ключевые слова __
a Ключевые слова плацебо
686 Индексы других классификаций __
2 Код системы rubbk
a Индекс ББК 53.57
686 Индексы других классификаций __
2 Код системы rubbk
a Индекс ББК 88.28
700 Автор _1
a Фамилия Диспенза
b Имя Д.
g Полное личное имя Джо
801 Источник записи _0
a Страна RU
b Организация NLR
c Дата составления 20170609
g Правила каталогизации RCR
801 Источник записи _1
a Страна RU
b Организация NLR
c Дата составления 20170609
801 Источник записи _2
a Страна RU
b Организация Центральная районная библиотека им. Г. А. Пирожникова
c Дата составления 20170609
852 Данные о местонахождении __
j Шифр хранения 53.57
i Авторский знак Д 48
b Сигла хранения 8; 22
901 Тип документа _0
t Тип документа m
902 Роль лиц __
a Создатель БЗ ОКиОЛ/Никишина
990 Данные о заказе (DOS) __
j Количество экземпляров (DOS) 2
h N записи в КСУ для Б/У (DOS) 2017-16